McGraw-Hill electronic testing handbook: procedures and techniques

Furkejuvvon:
Bibliográfalaš dieđut
Váldodahkki: Lenk, John D (Dahkki)
Materiálatiipa: Girji
Giella:eaŋgalasgiella
Almmustuhtton: Nueva York McGraw Hill 1994
Fáttát:
Fáddágilkorat: Lasit fáddágilkoriid
Eai fáddágilkorat, Lasit vuosttaš fáddágilkora!

MARC

LEADER 00000nam a2200000 a 4500
001 UCU1265
003 CL-VaPUC
008 960404e19940000US |||||||||||||||||eng|d
082 0 4 |a 621.38  |b LEN  |2 21 
100 |a Lenk, John D  |e author  |9 436683 
245 1 0 |a McGraw-Hill electronic testing handbook: procedures and techniques 
300 |a 397 p 
942 |c BK 
945 |d 19960404 00:00:00  |a rbrito 
260 |a Nueva York  |b McGraw Hill  |c 1994 
650 0 |a Electrónica   |9 263192 
650 0 |a Tecnología electrónica  |9 334386 
650 7 |a OSCILOSCOPIOS  |2 CL-VaPUC  |9 353631 
650 7 |a INSTRUMENTOS DE MEDIDAS ELECTRICAS  |2 CL-VaPUC  |9 356874 
650 7 |a MAGNETOMETROS  |2 CL-VaPUC  |9 356875 
650 0 |a Transistores  |9 260330 
650 0 |a Diodos  |9 260678 
650 7 |a TIRISTORES  |2 CL-VaPUC  |9 356876 
650 0 |a Rectificadores  |9 356877 
650 7 |a RADIO FRECUENCIA  |2 CL-VaPUC  |9 356878 
650 7 |a COMUNICACIONES  |2 CL-VaPUC  |9 260778 
583 |a last modification  |c 19960404 00:00:00  |k Rodrigo Vera 
999 |c 245939  |d 245937 
952 |0 0  |1 0  |4 0  |6 621_380000000000000_LEN_1994  |7 0  |8 P  |9 260575  |a BIBING  |b BIBING  |d 2019-11-19  |i 3189821  |o 621.38 LEN 1994  |p 3189821  |r 2023-03-02  |w 2019-11-19  |y BK  |k EIE